=LDR 00000nam 2200000 4500 =001 INLIS000000000001868 =005 20130612090241 =008 ***********************************Ind** =035 ##$$0010-061300000001868 =041 ##$$a Ind =082 ##$$a 614.599 3 =090 ##$$a 614.599 3, Hut a =100 ##$$a Hutapea,Ronald =245 ##$$a Aids dan PMS dan perkosaan, Ronald Hutapea =260 ##$$a 1995 $b Jakarta =300 ##$$a xii,134 hlm, ilus, 21 cm =650 ##$$a Aids-Penyakit =850 ##$$a NBPNMAT